Football Teams Tiago Mendes Played For - Statistics

General Stats
  • This quiz has been taken 15 times
  • The average score is 4 of 6
Answer Stats
League Years Team % Correct
Spain 2010-2017 Atlético de Madrid
85%
France 2005-2007 Olympique Lyonnais
85%
Italy 2007-2010 Juventus FC
77%
Portugal 2002-2004 SL Benfica
77%
England 2004-2005 Chelsea FC
62%
Portugal 1999-2002 SC Braga
46%
No matching quizzes found
Score Distribution
Percent of People with Each Score
Percentile by Number Answered
Your Score History
You have not taken this quiz